100 Biggest Cities of Venezuela on a Map - Statistics

General Stats
  • This quiz has been taken 126 times
  • The average score is 20 of 100
Answers on the Map
Answers color-coded by a green-red scale on the quiz's map according to % correct below.
 
Answer Stats
Population City % Correct
2,087,700 Caracas
100%
2,262,600 Maracaibo
91%
1,585,500 Valencia
81%
454,200 Barcelona
70%
893,400 Ciudad Guayana
67%
464,700 Maracay
67%
1,089,100 Barquisimeto
66%
425,000 Ciudad Bolívar
66%
289,800 Mérida
65%
356,800 Barinas
57%
284,600 San Cristóbal
54%
508,200 Maturín
51%
231,600 Coro
49%
384,900 Cumaná
49%
299,700 Cabimas
44%
154,100 Punto Fijo
42%
215,800 El Tigre
41%
441,700 Petare
38%
165,500 Valera
37%
299,500 Puerto La Cruz
34%
191,000 Puerto Cabello
32%
244,600 Guarenas
30%
230,800 Los Teques
30%
126,500 Porlamar
30%
356,700 Acarigua
29%
153,400 Ciudad Ojeda
29%
180,500 Guatire
29%
81,800 San José de Guanipa
28%
78,300 San Antonio de los Altos
25%
166,400 San Fernando de Apure
25%
151,600 San Juan de los Morros
25%
175,400 Guanare
24%
174,300 San Felipe
24%
379,500 Turmero
23%
69,300 Santa Cruz de Mara
22%
79,900 Santa Teresa del Tuy
20%
54,700 San Rafael del Moján
19%
200,000 Cabudare
18%
155,200 Calabozo
18%
309,400 Baruta
14%
116,300 Puerto Ayacucho
14%
165,600 Cúa
11%
159,300 Carúpano
10%
79,300 Chacao
10%
196,400 Guacara
10%
54,600 Santa Rita
10%
105,600 Tucupita
9%
138,700 Anaco
8%
141,900 Catia La Mar
8%
116,700 Ejido
8%
69,800 Maiquetía
8%
136,400 Cagua
6%
145,500 Charallave
6%
98,900 El Vigía
6%
75,100 La Concepción
6%
57,300 Lagunillas
6%
73,500 Machiques
6%
113,800 Punta Cardón
6%
75,800 Rubio
6%
126,400 Santa Lucía
6%
53,800 Socopó
6%
59,400 Boconó
5%
113,600 Carora
5%
114,900 El Limón
5%
57,000 El Tocuyo
5%
53,800 Guasdualito
5%
75,900 La Villa del Rosario
5%
128,700 Palo Negro
5%
109,400 Táriba
5%
105,200 Tinaquillo
5%
54,100 Ureña
5%
136,400 Valle de la Pascua
5%
100,200 Yaritagua
5%
55,300 Cantaura
4%
64,000 Chivacoa
4%
112,900 La Victoria
4%
114,800 Mariara
4%
67,400 Morón
4%
127,600 Ocumare del Tuy
4%
60,400 Puerto Píritu
4%
57,000 Punta de Mata
4%
82,300 San Carlos del Zulia
4%
95,200 Villa de Cura
4%
58,200 Zaraza
4%
63,600 Altagracia de Orituco
3%
64,300 Biruaca
3%
58,100 Carrizal
3%
78,400 Caucagüita
3%
92,900 El Hatillo
3%
78,700 Güigüe
3%
77,300 La Dolorita
3%
68,800 San Joaquín
3%
65,900 Tacarigua
3%
95,600 Upata
3%
58,200 Villa Rosa
3%
64,500 El Cafetal
1%
83,500 El Cartanal
1%
75,000 Los Dos Caminos
1%
60,400 Los Puertos de Altagracia
1%
107,100 San Carlos de Austria
1%
No matching quizzes found
Score Distribution
Percent of People with Each Score
Percentile by Number Answered
Your Score History
You have not taken this quiz